000 00321nam a2200133 a 4500
005 20140414093845.0
008 090925s19uu xx 00 eng d
050 _aVCD 791.43
_bTWI 19--
100 _aDe Bont, Jan
245 _aTwister /
_cJan de Bont.
650 _aMotion pictures.
942 _cAVM
999 _c109517
_d109517